00867nam a2200217 a 4500001000400000003001000004005001700014008004100031020001800072040002500090080002000115100005000135245016900185260003800354300002000392504003600412650005000448650005300498650004400551650005400595395BR-CuiBMT20231129051142.0230919s2011 mgb 001 0 por d a9788577004102 aBR-CuiBMTcBR-CuiBMT 22007a33:339.921 aMoreira Neto, Diogo de Figueiredo,d1933-201710aPoder, direito e Estado :bo direito administrativo em tempos de globalização : in memoriam de Marcos Juruena Villela Souto /cDiogo de Figueiredo Moreira Neto. aBelo Horizonte :bFórum,c2011. a180 p. ;c22 cm aInclui bibliografia e índice. aAdministração públicaxControlezBrasil aDireito administrativoxAspectos constitucionais aGlobalizaçãoxAspectos econômicos aPolíticas públicasxControle judicialzBrasil